[Event "4NCL"]
[Site "De Vere, Staverton Park, ENG"]
[Date "2010.11.06"]
[Round "1.50"]
[White "Vachtfeidl, Petr"]
[Black "Bayliss, Lyall CP"]
[Result "1-0"]
[WhiteElo "2038"]
[BlackElo "1963"]
[PlyCount "101"]
[EventDate "2010.??.??"]
[WhiteTeam "Metropolitan"]
[BlackTeam "KJCA Kings"]

1. e4 e5 2. Nf3 Nc6 3. Bb5 a6 4. Ba4 Nf6 5. O-O Be7 6. Re1 b5 7. Bb3 O-O 8. h3
d5 9. exd5 Nxd5 10. Nxe5 Nxe5 11. Rxe5 Nb6 12. d3 c5 13. c3 Bd6 14. Re1 Bc7 15.
Be3 Qd6 16. f4 Bb7 17. d4 c4 18. Bc2 Rfe8 19. Nd2 Re7 20. Qh5 g6 21. Qg5 Rae8
22. Bf2 Qxf4 23. Qxf4 Bxf4 24. Rxe7 Rxe7 25. Re1 Rxe1+ 26. Bxe1 f5 27. g4 Be3+
28. Kh2 f4 29. Ne4 Kg7 30. Nc5 Bc8 31. Be4 Nd7 32. Ne6+ Kf6 33. Nc7 Kf7 34. Kg2
Nf6 35. Bc6 h5 36. g5 Nh7 37. h4 Nf8 38. a4 b4 39. d5 b3 40. a5 Bc1 41. d6 Be6
42. Be8+ Kg7 43. Bf2 Bd7 44. Bd4+ Kg8 45. Bxd7 Nxd7 46. Nxa6 Bxb2 47. Nb4 Bxc3
48. Bxc3 Kf7 49. a6 Ke6 50. a7 Nb6 51. Nd5 1-0

[Event "4NCL"]
[Site "De Vere, Staverton Park, ENG"]
[Date "2010.11.06"]
[Round "1.50"]
[White "Maguire, Robert"]
[Black "Cooke, Charlie"]
[Result "1-0"]
[WhiteElo "1925"]
[BlackElo "1754"]
[PlyCount "51"]
[EventDate "2010.??.??"]
[WhiteTeam "KJCA Kings"]
[BlackTeam "Metropolitan"]

1. e4 e5 2. Nf3 Nf6 3. Nxe5 d6 4. Nf3 Nxe4 5. Nc3 Nxc3 6. dxc3 Nc6 7. Bf4 Be7
8. Qd2 Be6 9. Bd3 h6 10. Nd4 Nxd4 11. cxd4 d5 12. O-O Bg5 13. Rae1 Qf6 14. Bxg5
hxg5 15. Re5 g4 16. Qg5 O-O-O 17. Bf5 Rh6 18. Qxg4 Rdh8 19. h3 Rg6 20. Rxe6
fxe6 21. Bxg6 Rh4 22. Qg3 Rxd4 23. b3 e5 24. Bh5 Rd2 25. Qc3 Qg5 26. Bg4+ 1-0

[Event "4NCL"]
[Site "De Vere, Staverton Park, ENG"]
[Date "2010.11.06"]
[Round "1.50"]
[White "Dickson, George"]
[Black "Reynolds, D Ian W"]
[Result "1/2-1/2"]
[WhiteElo "2104"]
[BlackElo "2051"]
[PlyCount "28"]
[EventDate "2010.??.??"]
[WhiteTeam "Metropolitan"]
[BlackTeam "Iceni"]

1. d4 Nf6 2. Nf3 d5 3. Bf4 c6 4. c3 g6 5. e3 Bg7 6. Bd3 b6 7. h3 Nbd7 8. Nbd2
Bb7 9. O-O c5 10. Ne5 O-O 11. Bh2 Ne4 12. Bxe4 dxe4 13. Nxd7 Qxd7 14. Qe2 Rac8
1/2-1/2

[Event "4NCL"]
[Site "De Vere, Staverton Park, ENG"]
[Date "2010.11.06"]
[Round "1.50"]
[White "Downham, Alan F"]
[Black "Calvert, D Ian"]
[Result "1-0"]
[WhiteElo "2024"]
[BlackElo "1988"]
[PlyCount "81"]
[EventDate "2010.??.??"]
[WhiteTeam "Iceni"]
[BlackTeam "Metropolitan"]

1. c4 c6 2. g3 d5 3. Bg2 Nf6 4. Nf3 g6 5. d4 Bg7 6. O-O O-O 7. Nc3 dxc4 8. Ne5
Ng4 9. Nf3 Nf6 10. e4 Nbd7 11. Bf4 Nb6 12. Qd2 Be6 13. Rad1 Qc8 14. a4 a5 15.
Be3 Ra6 16. Bh6 Bh3 17. Bxg7 Kxg7 18. Ne5 Bxg2 19. Kxg2 e6 20. Qe2 c5 21. Nxc4
Nxc4 22. Qxc4 cxd4 23. Qxd4 Rc6 24. Rfe1 Rc4 25. Qd2 Qc6 26. f3 Rc8 27. Re2 e5
28. Qe3 Nd7 29. Red2 Nc5 30. Rd6 Qe8 31. Qg5 Nxa4 32. Qf6+ Kh6 33. Qh4+ Kg7 34.
Qf6+ Kh6 35. R1d5 Nxc3 36. Rxe5 Qxe5 37. Qxe5 Na4 38. b3 Rc2+ 39. Kh3 Nc5 40.
g4 Ne6 41. Rxe6 1-0

[Event "4NCL"]
[Site "De Vere, Staverton Park, ENG"]
[Date "2010.11.06"]
[Round "1.50"]
[White "Sharma, Sivakumar"]
[Black "Szymanski, Mark"]
[Result "0-1"]
[WhiteElo "1450"]
[BlackElo "1906"]
[PlyCount "78"]
[EventDate "2010.??.??"]
[WhiteTeam "Metropolitan"]
[BlackTeam "Iceni"]

1. e4 c6 2. Nc3 d5 3. d4 dxe4 4. Nxe4 Nd7 5. Nf3 Ngf6 6. Ng3 e6 7. Bf4 Qb6 8.
Rb1 Qa5+ 9. Bd2 Qxa2 10. b3 Qa3 11. b4 Qa2 12. c4 Qa6 13. Ra1 Qb6 14. c5 Qc7
15. Bd3 Be7 16. Qc1 Nd5 17. O-O N7f6 18. Ne5 O-O 19. Re1 Qd8 20. Qd1 a6 21. Qf3
Nc7 22. Ne4 Qxd4 23. Nxf6+ Bxf6 24. Ng4 Nd5 25. Nxf6+ Qxf6 26. Qg3 h6 27. Re5
Bd7 28. Rae1 Rad8 29. R1e4 Bc8 30. h3 Ne7 31. Rh5 Nf5 32. Qf3 Rd5 33. Rg4 Kh8
34. Rf4 Qa1+ 35. Kh2 Rfd8 36. Bxf5 exf5 37. Rxh6+ Kg8 38. Bc3 Qd1 39. Rh8+ Kxh8
0-1

[Event "4NCL"]
[Site "De Vere, Staverton Park, ENG"]
[Date "2010.11.06"]
[Round "1.50"]
[White "Savage, Nicholas W"]
[Black "Jones, Victor GL"]
[Result "1/2-1/2"]
[WhiteElo "2134"]
[BlackElo "2116"]
[PlyCount "147"]
[EventDate "2010.??.??"]
[WhiteTeam "Iceni"]
[BlackTeam "KJCA Kings"]

1. d4 Nf6 2. c4 e6 3. Nc3 Bb4 4. f3 d5 5. a3 Bxc3+ 6. bxc3 c6 7. Qc2 O-O 8. e4
dxe4 9. fxe4 e5 10. Nf3 exd4 11. cxd4 Bg4 12. Be3 c5 13. d5 Re8 14. Bd3 Qe7 15.
O-O Nxe4 16. Rae1 Bxf3 17. Bc1 Qh4 18. gxf3 Nd6 19. Rxe8+ Nxe8 20. Be3 Nd7 21.
Bf5 Ne5 22. f4 Ng4 23. Bxc5 b6 24. Bd4 Nd6 25. Bd3 Rc8 26. Qe2 h5 27. Rc1 Re8
28. Qg2 Re1+ 29. Rxe1 Qxe1+ 30. Qf1 Qd2 31. Qe2 Qxf4 32. Bc3 Qc1+ 33. Be1 Qxa3
34. Bg3 Qc1+ 35. Kg2 Ne3+ 36. Kh3 Ndxc4 37. d6 Nxd6 38. Bxd6 Qc8+ 39. Kg3 Nf5+
40. Bxf5 Qxf5 41. Qe8+ Kh7 42. Qb8 b5 43. Bc7 a6 44. Qb6 g5 45. Qb8 Kg7 46.
Be5+ f6 47. Bd6 h4+ 48. Kg2 Qd7 49. Qf8+ Kg6 50. Qg8+ Kf5 51. Qd5+ Kg6 52. Qg8+
Qg7 53. Qa8 Qf7 54. Qxa6 Qd5+ 55. Kf1 g4 56. Qa3 f5 57. Qc5 Qd1+ 58. Kf2 Qf3+
59. Ke1 g3 60. hxg3 hxg3 61. Qe5 Qf2+ 62. Kd1 g2 63. Qe8+ Kg5 64. Qd8+ Kg4 65.
Qg8+ Kf3 66. Qd5+ Kg4 67. Qg8+ Kh3 68. Qh7+ Qh4 69. Qxf5+ Qg4+ 70. Qxg4+ Kxg4
71. Bc5 Kf4 72. Kc2 Ke4 73. Kb3 Kd5 74. Bg1 1/2-1/2

[Event "4NCL"]
[Site "De Vere, Staverton Park, ENG"]
[Date "2010.11.06"]
[Round "1.50"]
[White "Lunn, Matthew"]
[Black "Feavyour, John A"]
[Result "0-1"]
[WhiteElo "1941"]
[BlackElo "2064"]
[PlyCount "42"]
[EventDate "2010.??.??"]
[WhiteTeam "KJCA Kings"]
[BlackTeam "Iceni"]

1. d4 d5 2. c4 c6 3. Nc3 Nf6 4. Nf3 dxc4 5. a4 Bf5 6. Ne5 Nbd7 7. Nxc4 Qc7 8.
g3 e5 9. dxe5 Nxe5 10. Bf4 Nfd7 11. Bg2 f6 12. O-O Nc5 13. Ne3 Be6 14. Qc2 Be7
15. b4 Na6 16. b5 Nb4 17. Qe4 O-O 18. bxc6 bxc6 19. Rfc1 Qa5 20. Nf5 Bxf5 21.
Qxf5 Nf3+ 0-1

[Event "4NCL"]
[Site "De Vere, Staverton Park, ENG"]
[Date "2010.11.07"]
[Round "2.31"]
[White "Humphreys, Jerry G"]
[Black "Maciol, Ryczard"]
[Result "1/2-1/2"]
[WhiteElo "2066"]
[BlackElo "2205"]
[PlyCount "65"]
[EventDate "2010.??.??"]
[WhiteTeam "Bristol 2"]
[BlackTeam "Celtic Tigers 1"]

1. e4 e6 2. d4 d5 3. Nd2 Nf6 4. e5 Nfd7 5. Bd3 c5 6. c3 Nc6 7. Ne2 cxd4 8. cxd4
f6 9. exf6 Nxf6 10. O-O Bd6 11. Nf3 Qc7 12. g3 O-O 13. Bf4 e5 14. dxe5 Nxe5 15.
Nxe5 Bxe5 16. Rc1 Qd6 17. Re1 Bg4 18. Bxe5 Qxe5 19. Qb3 Rae8 20. Qc3 Qg5 21.
Nf4 Kh8 22. Rxe8 Rxe8 23. Re1 Ne4 24. Qd4 Rf8 25. Bxe4 dxe4 26. Qxe4 Qa5 27.
Qe7 Kg8 28. h3 Bf5 29. a3 Qd2 30. Qe5 Bd7 31. Re2 Qd1+ 32. Re1 Qd2 33. Re2
1/2-1/2

[Event "4NCL"]
[Site "De Vere, Staverton Park, ENG"]
[Date "2010.11.07"]
[Round "2.31"]
[White "Pedersen, Carsten"]
[Black "Dunlop, Neil J"]
[Result "1-0"]
[WhiteElo "2154"]
[BlackElo "1922"]
[PlyCount "59"]
[EventDate "2010.??.??"]
[WhiteTeam "Celtic Tigers 1"]
[BlackTeam "Bristol 2"]

1. e4 d6 2. Nc3 Nf6 3. f4 g6 4. Nf3 Bg7 5. d3 Nbd7 6. g3 e5 7. Bg2 a6 8. O-O
O-O 9. f5 Nb6 10. Nh4 Qe8 11. Be3 c5 12. h3 h6 13. Bf3 Bd7 14. Qd2 Kh7 15. g4
g5 16. Ng2 Ng8 17. Qf2 Rc8 18. h4 f6 19. Ne2 Ne7 20. Ng3 Nc6 21. c3 Qe7 22. Bd1
Be8 23. Bb3 Bf7 24. hxg5 Bxb3 25. g6+ Kg8 26. axb3 Rfd8 27. Kh2 Kf8 28. Rh1 Ke8
29. Kg1 Kd7 30. b4 1-0

[Event "4NCL"]
[Site "De Vere, Staverton Park, ENG"]
[Date "2010.11.07"]
[Round "2.31"]
[White "Oliver, Martin"]
[Black "Kemp, Peter D"]
[Result "0-1"]
[WhiteElo "1874"]
[BlackElo "2158"]
[PlyCount "188"]
[EventDate "2010.??.??"]
[WhiteTeam "Bristol 2"]
[BlackTeam "Celtic Tigers 1"]

1. d4 f5 2. Bg5 g6 3. e3 Bg7 4. Bd3 d6 5. Nf3 Be6 6. O-O Nf6 7. c4 O-O 8. Nc3
c6 9. Qc2 Na6 10. a3 Nc7 11. Rfe1 Qd7 12. Rac1 Rae8 13. Rcd1 Bf7 14. Bf1 h6 15.
Bh4 g5 16. Bg3 Nh5 17. Ne2 b5 18. b3 Rb8 19. Nd2 a5 20. h3 Rb7 21. Bh2 Rfb8 22.
Rb1 Bf6 23. Ng3 Ng7 24. Bd3 Bg6 25. Rec1 e5 26. Qb2 Nce6 27. Ne2 exd4 28. exd4
Nc5 29. Qc2 Nxd3 30. Qxd3 Re8 31. Re1 Kh7 32. f4 Qe7 33. Kf2 Ne6 34. Nf3 Qd8
35. Kf1 Kg7 36. g3 gxf4 37. gxf4 Kh7 38. Kf2 Qb6 39. Red1 Rbe7 40. Rd2 Ng7 41.
cxb5 Qxb5 42. Qxb5 cxb5 43. Rc1 Bh5 44. Rc3 Bf7 45. Nc1 Bd5 46. Ne2 Re4 47. Kf1
Re3 48. Kf2 R3e7 49. Bg3 b4 50. axb4 axb4 51. Rcd3 Bc6 52. Nfg1 Bb5 53. Rf3 Nh5
54. Bh2 Re4 55. Kf1 Bh4 56. d5 Ra8 57. Kg2 Ra1 58. Nd4 Be1 59. Nxb5 Bxd2 60.
Nxd6 Nxf4+ 61. Bxf4 Rxf4 62. Rxf4 Bxf4 63. Nxf5 Kg6 64. Ne7+ Kf6 65. Nc6 Bd6
66. Ne2 Rb1 67. Ned4 Bc5 68. Kf3 Bxd4 69. Nxd4 Ke5 70. Nc6+ Kd6 71. Na5 Kxd5
72. Kg4 Ra1 73. Nc4 Rb1 74. Na5 Ra1 75. Nc4 Kd4 76. Kh5 Ra6 77. Nd2 Kc3 78.
Ne4+ Kxb3 79. Nc5+ Kc4 80. Nxa6 b3 81. Kxh6 b2 82. h4 b1=Q 83. h5 Qb6+ 84. Kg7
Qxa6 85. h6 Kd5 86. h7 Ke6 87. h8=Q Qb7+ 88. Kg6 Qg2+ 89. Kh6 Qh2+ 90. Kg7 Qg3+
91. Kf8 Qf4+ 92. Kg7 Qg5+ 93. Kf8 Qe7+ 94. Kg8 Qf7# 0-1

[Event "4NCL"]
[Site "De Vere, Staverton Park, ENG"]
[Date "2010.11.07"]
[Round "2.31"]
[White "Thompson, Robert"]
[Black "French, Angus J"]
[Result "1/2-1/2"]
[WhiteElo "1895"]
[BlackElo "2129"]
[PlyCount "54"]
[EventDate "2010.??.??"]
[WhiteTeam "Bristol 2"]
[BlackTeam "Celtic Tigers 1"]

1. c4 c6 2. Nf3 Nf6 3. d4 d5 4. e3 Bg4 5. Qb3 Qb6 6. Ne5 Bf5 7. Bd2 e6 8. Bd3
Bxd3 9. Nxd3 Nbd7 10. O-O Be7 11. Rc1 O-O 12. Bb4 Bxb4 13. Qxb4 Qxb4 14. Nxb4
dxc4 15. Rxc4 e5 16. Nc2 Rfd8 17. Nc3 a5 18. dxe5 Nxe5 19. Rd4 c5 20. Rxd8+
Rxd8 21. Rd1 Rxd1+ 22. Nxd1 b5 23. Kf1 Kf8 24. Ke2 Ke7 25. f4 Nc6 26. Na3 b4
27. Nc4 Ne4 1/2-1/2

[Event "4NCL"]
[Site "De Vere, Staverton Park, ENG"]
[Date "2010.11.07"]
[Round "2.31"]
[White "Thomas, Mark"]
[Black "White, Martin"]
[Result "1/2-1/2"]
[WhiteElo "1962"]
[BlackElo "1798"]
[PlyCount "116"]
[EventDate "2010.??.??"]
[WhiteTeam "Celtic Tigers 1"]
[BlackTeam "Bristol 2"]

1. e4 c5 2. Nc3 g6 3. f4 Nc6 4. Nf3 Bg7 5. Bc4 e6 6. f5 Nge7 7. fxe6 dxe6 8.
O-O O-O 9. d3 Na5 10. Bg5 f6 11. Bf4 Nec6 12. Qe1 Nd4 13. Qg3 Nxc4 14. dxc4
Nxf3+ 15. Rxf3 Qd4+ 16. Kh1 Qxc4 17. Bd6 Re8 18. e5 f5 19. Rf4 Qa6 20. a4 Bd7
21. Rd1 Bc6 22. h4 Bh6 23. Rff1 b6 24. Rf2 Qb7 25. b3 Kh8 26. Ne2 Rad8 27. Nf4
Qf7 28. Nh3 Qb7 29. Ng5 Qg7 30. Rfd2 Qb7 31. Rd3 Be4 32. Rc3 Bd5 33. Kh2 Rc8
34. Rd2 Rcd8 35. Qf4 Qg7 36. Rh3 Rc8 37. c4 Bc6 38. Ra2 a5 39. Qf2 Rcd8 40. Rd2
Kg8 41. Rhd3 Qb7 42. Re2 Rd7 43. Qg3 Rdd8 44. Rd1 Qg7 45. Rf1 Rd7 46. Rd1 Rdd8
47. Qf4 Qb7 48. Rf2 Qg7 49. Rff1 Qb7 50. Rg1 Rd7 51. Qg3 Rg7 52. Qh3 Bxg5 53.
hxg5 Rd7 54. Qh4 Red8 55. Qf4 Be4 56. Rd2 Qc6 57. Rgd1 Qb7 58. Kg3 Bc6 1/2-1/2

[Event "4NCL"]
[Site "De Vere, Staverton Park, ENG"]
[Date "2010.11.07"]
[Round "2.32"]
[White "Girdlestone, Paul C"]
[Black "Hosken, Nigel K"]
[Result "1/2-1/2"]
[WhiteElo "2182"]
[BlackElo "2101"]
[PlyCount "83"]
[EventDate "2010.??.??"]
[WhiteTeam "Brown Jack"]
[BlackTeam "Gloucestershire Gambits"]

1. c4 Nf6 2. Nc3 c6 3. e4 d6 4. f4 e5 5. Nf3 Bg4 6. h3 Bxf3 7. Qxf3 Qc7 8. d3
Nbd7 9. Be3 Be7 10. Be2 a6 11. O-O b5 12. d4 O-O 13. c5 exd4 14. cxd6 Bxd6 15.
Bxd4 Bc5 16. Bxc5 Nxc5 17. e5 Nfd7 18. Rac1 Qb6 19. Kh2 Ne6 20. Bd3 f5 21. exf6
Nxf6 22. Ne4 Nd4 23. Nxf6+ Rxf6 24. Qe4 g6 25. Rfd1 Re6 26. Bc4 bxc4 27. Qxd4
Qxd4 28. Rxd4 Re2 29. Rdxc4 Rxb2 30. R1c2 Rxc2 31. Rxc2 Rc8 32. Kg3 Kf7 33. Kf3
Ke6 34. Ke4 c5 35. g4 Kd6 36. Rd2+ Kc6 37. f5 gxf5+ 38. gxf5 c4 39. f6 c3 40.
Rc2 Kd7 41. f7 Ke7 42. Kd3 1/2-1/2

[Event "4NCL"]
[Site "De Vere, Staverton Park, ENG"]
[Date "2010.11.07"]
[Round "2.32"]
[White "Headlong, Timothy"]
[Black "Lambourne, Daniel M"]
[Result "1/2-1/2"]
[WhiteElo "2177"]
[BlackElo "1996"]
[PlyCount "65"]
[EventDate "2010.??.??"]
[WhiteTeam "Brown Jack"]
[BlackTeam "Gloucestershire Gambits"]

1. Nf3 Nf6 2. c4 c5 3. Nc3 d6 4. d4 cxd4 5. Nxd4 g6 6. e4 Bg7 7. Be2 Nc6 8. Be3
Bd7 9. O-O Qc8 10. f3 O-O 11. Qd2 Nxd4 12. Bxd4 Bc6 13. b4 b6 14. a4 Qc7 15. a5
Rfb8 16. a6 Rc8 17. Rfc1 Qd8 18. Rc2 Qf8 19. Rac1 Rd8 20. Nd5 Nd7 21. Bxg7 Kxg7
22. Nc7 Rac8 23. Nb5 Ra8 24. Nd4 Rac8 25. Nxc6 Rxc6 26. f4 Kg8 27. Bg4 Nf6 28.
Bf3 Rc7 29. Qe3 Nd7 30. e5 dxe5 31. fxe5 e6 32. c5 bxc5 33. b5 1/2-1/2

[Event "4NCL"]
[Site "De Vere, Staverton Park, ENG"]
[Date "2010.11.07"]
[Round "2.32"]
[White "Waterfield, John W"]
[Black "Padilla Cabero, Pablo"]
[Result "0-1"]
[WhiteElo "2005"]
[BlackElo "2147"]
[PlyCount "60"]
[EventDate "2010.??.??"]
[WhiteTeam "Gloucestershire Gambits"]
[BlackTeam "Brown Jack"]

1. e4 Nf6 2. e5 Nd5 3. d4 c5 4. Nf3 cxd4 5. c3 e6 6. cxd4 b6 7. Bd3 Bb4+ 8. Bd2
Bxd2+ 9. Qxd2 Ba6 10. Be4 Nc6 11. Bxd5 exd5 12. Nc3 Nb4 13. O-O-O Rc8 14. Kb1
Bd3+ 15. Ka1 Nc2+ 16. Kb1 Bg6 17. Rc1 Nb4+ 18. Ka1 O-O 19. a3 a5 20. b3 Nd3 21.
Rcf1 d6 22. Ne1 Qc7 23. Nxd5 Qb7 24. Ne3 Nc1 25. Kb2 dxe5 26. Nc4 Nxb3 27. Qc3
Rxc4 28. Qxb3 Rfc8 29. dxe5 a4 30. Qb5 Qe7 0-1

[Event "4NCL"]
[Site "De Vere, Staverton Park, ENG"]
[Date "2010.11.07"]
[Round "2.32"]
[White "Taylor, Geoffrey P"]
[Black "Richmond, Jane"]
[Result "1/2-1/2"]
[WhiteElo "1957"]
[BlackElo "2077"]
[PlyCount "96"]
[EventDate "2010.??.??"]
[WhiteTeam "Gloucestershire Gambits"]
[BlackTeam "Brown Jack"]

1. e4 e5 2. Nf3 Nc6 3. Bc4 Nf6 4. d3 Be7 5. O-O d6 6. c3 O-O 7. Re1 Na5 8. Bb5
a6 9. Ba4 b5 10. Bc2 c5 11. d4 Qc7 12. d5 Bd7 13. b3 c4 14. Ba3 Bg4 15. h3 Bxf3
16. Qxf3 cxb3 17. axb3 Rfc8 18. Qe2 Bd8 19. Kh1 Qe7 20. Bb2 Nd7 21. Nd2 Nf8 22.
Kh2 Nb7 23. g3 Bb6 24. f4 Bd4 25. Qd3 Qc7 26. Bd1 Bxc3 27. Rc1 b4 28. Bg4 Nc5
29. Qc2 Ncd7 30. Bxc3 Qxc3 31. Nc4 Qd4 32. Rcd1 Qc5 33. fxe5 Nxe5 34. Bxc8 Nf3+
35. Kg2 Nxe1+ 36. Rxe1 Rxc8 37. Qd2 a5 38. Ra1 Ra8 39. Ra4 Nd7 40. Qf2 Qxf2+
41. Kxf2 Nc5 42. Rxa5 Nxe4+ 43. Kf3 Rxa5 44. Nxa5 Nc5 45. Nc6 Nxb3 46. Nxb4 Kf8
47. Nc6 Ke8 48. Ke3 Nc5 1/2-1/2

[Event "4NCL"]
[Site "De Vere, Staverton Park, ENG"]
[Date "2010.11.07"]
[Round "2.33"]
[White "Staples, Daniel J"]
[Black "Stimpson, Philip M"]
[Result "1-0"]
[WhiteElo "1960"]
[BlackElo "2092"]
[PlyCount "117"]
[EventDate "2010.??.??"]
[WhiteTeam "AMCA Hippos"]
[BlackTeam "Guildford A&DC 3"]

1. e4 e5 2. Nf3 Nc6 3. Bb5 a6 4. Ba4 Nf6 5. Qe2 b5 6. Bb3 Bc5 7. c3 Qe7 8. O-O
O-O 9. Rd1 Bb6 10. h3 d6 11. d3 h6 12. Nbd2 Be6 13. Nf1 Bxb3 14. axb3 Na5 15.
Ra3 Qe6 16. b4 Nb3 17. Be3 a5 18. Bxb6 cxb6 19. Qc2 a4 20. Qe2 Rac8 21. Qe3 Rc6
22. N1d2 Nxd2 23. Rxd2 Re8 24. Re2 Nd7 25. d4 Rc4 26. d5 Qf6 27. Nd2 Rcc8 28.
Qd3 Qg6 29. Qxb5 Nf6 30. Rxa4 Nh5 31. Re3 Nf4 32. Rg3 Qh5 33. Nf3 Ra8 34. Kh2
g5 35. Qc6 Rad8 36. Ng1 Qg6 37. b5 h5 38. Qxb6 h4 39. Rg4 Rb8 40. Qa6 Nd3 41.
Nf3 f6 42. Nxh4 Qh5 43. Qa7 Ra8 44. Qxa8 Rxa8 45. Rxa8+ Kh7 46. Ra7+ Kh8 47.
Kg3 Qe8 48. b6 Qb8 49. Ng6+ Kg8 50. Ne7+ Kf8 51. Nc8 Nc5 52. b4 Nb7 53. Kh2
Qxc8 54. Rg3 Nd8 55. Rf3 Qb8 56. Rxf6+ Ke8 57. Rxd6 Nf7 58. Re6+ Kf8 59. Rf6
1-0

[Event "4NCL"]
[Site "De Vere, Staverton Park, ENG"]
[Date "2010.11.07"]
[Round "2.33"]
[White "Shaw, Matthew H"]
[Black "Bryant, Richard BE"]
[Result "1/2-1/2"]
[WhiteElo "1926"]
[BlackElo "1976"]
[PlyCount "62"]
[EventDate "2010.??.??"]
[WhiteTeam "AMCA Hippos"]
[BlackTeam "Guildford A&DC 3"]

1. e4 c5 2. Nf3 e6 3. d4 cxd4 4. Nxd4 Bc5 5. Nb3 Bb6 6. Nc3 Ne7 7. Bd3 Nbc6 8.
Qe2 O-O 9. Be3 Bxe3 10. Qxe3 d5 11. exd5 exd5 12. Nb5 Nf5 13. Qf4 g5 14. Qd2
Re8+ 15. Kf1 a6 16. Nc3 Ng7 17. Nxd5 Ne5 18. Re1 Nxd3 19. Rxe8+ Nxe8 20. Qxd3
Be6 21. Ne3 Qf6 22. Ke2 Rd8 23. Qc3 Qh6 24. Nd4 Qh5+ 25. f3 Ng7 26. Rd1 g4 27.
Nxe6 gxf3+ 28. gxf3 Nxe6 29. Rxd8+ Nxd8 30. Qf6 Ne6 31. Qf5 Qg5 1/2-1/2

[Event "4NCL"]
[Site "De Vere, Staverton Park, ENG"]
[Date "2010.11.07"]
[Round "2.33"]
[White "Higgs, Anthony RJ"]
[Black "Cresswell, Mike J"]
[Result "1-0"]
[WhiteElo "1976"]
[BlackElo "1876"]
[PlyCount "133"]
[EventDate "2010.??.??"]
[WhiteTeam "Guildford A&DC 3"]
[BlackTeam "AMCA Hippos"]

1. e4 Nf6 2. e5 Nd5 3. a4 a5 4. Bc4 e6 5. Nf3 Nb6 6. Bb3 d6 7. O-O dxe5 8. Nxe5
N8d7 9. d4 Nxe5 10. dxe5 Qxd1 11. Rxd1 Be7 12. Nc3 Bd7 13. Be3 O-O-O 14. Bxb6
cxb6 15. Ne4 Bc6 16. Nd6+ Bxd6 17. exd6 Rd7 18. Rd4 Rhd8 19. Rad1 Kb8 20. f4
Bd5 21. c4 Bc6 22. Kf2 Re8 23. Bc2 e5 24. fxe5 Rxe5 25. g3 Re6 26. b3 Rf6+ 27.
Kg1 g6 28. R1d2 Rf3 29. R2d3 Rxd3 30. Bxd3 f5 31. Kf2 Kc8 32. Ke3 Rd8 33. Kf4
Re8 34. Bf1 Re4+ 35. Rxe4 fxe4 36. Bh3+ Kd8 37. Be6 h6 38. h4 Ke8 39. Ke3 Kd8
40. Ke2 Ke8 41. Kd2 Kd8 42. Ke3 Ke8 43. Bd5 Kd7 44. g4 Kxd6 45. Kxe4 Bd7 46. g5
hxg5 47. hxg5 Kc5 48. Ke5 Kb4 49. Kf6 Bf5 50. Bf7 Bc2 51. Bxg6 Bxb3 52. Be8
Bxc4 53. g6 Bd3 54. g7 Bh7 55. Kf7 Kc5 56. g8=Q Bxg8+ 57. Kxg8 Kd6 58. Kf7 Kc7
59. Bb5 Kc8 60. Ke7 Kc7 61. Ke6 Kd8 62. Kd6 Kc8 63. Be8 Kb8 64. Bd7 Ka7 65. Kc7
Ka6 66. Bc8 b5 67. Bxb7+ 1-0

[Event "4NCL"]
[Site "De Vere, Staverton Park, ENG"]
[Date "2010.11.07"]
[Round "2.33"]
[White "Marley, Andrew"]
[Black "Taylor, Dale C"]
[Result "1-0"]
[WhiteElo "1863"]
[BlackElo "1905"]
[PlyCount "53"]
[EventDate "2010.??.??"]
[WhiteTeam "AMCA Hippos"]
[BlackTeam "Guildford A&DC 3"]

1. e4 c5 2. c3 e6 3. d4 d5 4. e5 Nc6 5. Nf3 Nge7 6. Be2 cxd4 7. cxd4 Nf5 8. g4
Nh4 9. Nxh4 Qxh4 10. Bf4 h5 11. Nc3 a6 12. Qd2 Qd8 13. gxh5 Qb6 14. O-O-O Bd7
15. Rhg1 Rc8 16. Kb1 Na5 17. Rg3 Nc4 18. Bxc4 Rxc4 19. h6 gxh6 20. Ka1 a5 21.
Qd3 Rb4 22. Bc1 Bb5 23. Nxb5 Qxb5 24. Qf3 Rh7 25. Rg8 Qc6 26. Qf6 Qc2 27. Rxf8+
1-0

[Event "4NCL"]
[Site "De Vere, Staverton Park, ENG"]
[Date "2010.11.07"]
[Round "2.34"]
[White "Reuben, Stewart"]
[Black "Crouch, Colin S"]
[Result "0-1"]
[WhiteElo "2129"]
[BlackElo "2335"]
[PlyCount "80"]
[EventDate "2010.??.??"]
[WhiteTeam "FCA Solutions 1"]
[BlackTeam "Braille Chess Assoc"]

1. c4 Nf6 2. Nc3 e6 3. d4 Bb4 4. Bg5 c5 5. d5 d6 6. Nf3 h6 7. Bd2 O-O 8. e3 Re8
9. Be2 Bxc3 10. Bxc3 exd5 11. cxd5 Nbd7 12. Qb3 Nb6 13. Rd1 Bd7 14. Bxf6 Qxf6
15. Qc3 Qxc3+ 16. bxc3 Na4 17. Kd2 b5 18. Ne1 a5 19. Rc1 b4 20. cxb4 axb4 21.
Rc2 Nc3 22. Bc4 Nb1+ 23. Kc1 Na3 24. Kb2 Nxc2 25. Nxc2 Bf5 26. Rc1 Be4 27. Ne1
g5 28. h3 Kg7 29. g4 Rh8 30. f3 Bg6 31. e4 f6 32. Nd3 h5 33. Rf1 hxg4 34. hxg4
Rh2+ 35. Kb1 Ra3 36. Nb2 Rc3 37. Bb3 Rxf3 38. Rxf3 Bxe4+ 39. Bc2 Rh1+ 40. Nd1
Rxd1+ 0-1

[Event "4NCL"]
[Site "De Vere, Staverton Park, ENG"]
[Date "2010.11.07"]
[Round "2.34"]
[White "Ross, Chris N"]
[Black "Smith, Graham M"]
[Result "1-0"]
[WhiteElo "2223"]
[BlackElo "2093"]
[PlyCount "65"]
[EventDate "2010.??.??"]
[WhiteTeam "Braille Chess Assoc"]
[BlackTeam "FCA Solutions 1"]

1. e4 c5 2. Nf3 e6 3. d4 cxd4 4. Nxd4 Nc6 5. Nb5 d6 6. Bf4 e5 7. Be3 a6 8. N5a3
Be6 9. Nc3 b5 10. Nd5 Rc8 11. c4 b4 12. Nc2 a5 13. Bd3 Bxd5 14. exd5 Nb8 15.
O-O Nf6 16. f4 e4 17. Be2 Be7 18. Nd4 O-O 19. a3 Na6 20. Nc6 Rxc6 21. dxc6 Qc7
22. axb4 Nxb4 23. Qa4 Nxc6 24. Rfd1 Rb8 25. Rd2 Rb4 26. Qc2 Qb7 27. Ra3 Bd8 28.
h3 Bb6 29. Kh2 Qa7 30. Bxb6 Qxb6 31. Rxd6 Ne8 32. Rd2 e3 33. Qe4 1-0

[Event "4NCL"]
[Site "De Vere, Staverton Park, ENG"]
[Date "2010.11.07"]
[Round "2.34"]
[White "Brown, Alan M"]
[Black "Mordue, A Tyson"]
[Result "1-0"]
[WhiteElo "2106"]
[BlackElo "2258"]
[PlyCount "83"]
[EventDate "2010.??.??"]
[WhiteTeam "FCA Solutions 1"]
[BlackTeam "Braille Chess Assoc"]

1. d4 Nf6 2. c4 g6 3. Nc3 Bg7 4. e4 d6 5. Be2 O-O 6. Bg5 Na6 7. h3 e5 8. d5 c6
9. Nf3 h6 10. Be3 Nc5 11. Nd2 a5 12. Qc2 Bd7 13. O-O Qe8 14. Rad1 cxd5 15. Nxd5
Nxd5 16. cxd5 b5 17. Rc1 Rc8 18. Qb1 Qe7 19. Rc2 h5 20. Rfc1 Kh7 21. Nb3 Nxb3
22. axb3 Bh6 23. Rxc8 Bxc8 24. Bxh6 Kxh6 25. Bxb5 Qg5 26. Rc3 f5 27. h4 Qf4 28.
g3 Qd2 29. Rc2 Qb4 30. Qc1+ Kg7 31. Rc7+ Rf7 32. Be8 Rxc7 33. Qxc7+ Kh6 34.
Qxc8 Qe1+ 35. Kg2 Qxe4+ 36. Kh2 Qe2 37. Qc1+ f4 38. Kg1 g5 39. Qf1 Qxb2 40. Qd3
Qc1+ 41. Kg2 f3+ 42. Kh2 1-0

[Event "4NCL"]
[Site "De Vere, Staverton Park, ENG"]
[Date "2010.11.07"]
[Round "2.34"]
[White "Lilley, Graham"]
[Black "Habershon, Paul F"]
[Result "1/2-1/2"]
[WhiteElo "2081"]
[BlackElo "2114"]
[PlyCount "61"]
[EventDate "2010.??.??"]
[WhiteTeam "Braille Chess Assoc"]
[BlackTeam "FCA Solutions 1"]

1. d4 Nf6 2. c4 c5 3. d5 e6 4. Nc3 exd5 5. cxd5 d6 6. e4 g6 7. Nf3 Bg7 8. h3
O-O 9. Bd3 Na6 10. O-O Nc7 11. a4 Rb8 12. Bf4 b6 13. Nb5 Nxb5 14. axb5 Ra8 15.
Qb3 Bb7 16. Nd2 Re8 17. Rfe1 Nh5 18. Bh2 Qf6 19. Nc4 Nf4 20. Bf1 g5 21. Qf3 Re7
22. Re3 Qh6 23. Rea3 f5 24. Bxf4 fxe4 25. Bxg5 Qxg5 26. Qg3 Qxg3 27. Rxg3 Bxd5
28. Nxd6 Rf8 29. Rg5 Re5 30. Rg3 Re7 31. Rg5 1/2-1/2

[Event "4NCL"]
[Site "De Vere, Staverton Park, ENG"]
[Date "2010.11.07"]
[Round "2.34"]
[White "Fraser-Mitchell, Jeremy N"]
[Black "Cole, Tristram C"]
[Result "1/2-1/2"]
[WhiteElo "2014"]
[BlackElo "1882"]
[PlyCount "56"]
[EventDate "2010.??.??"]
[WhiteTeam "FCA Solutions 1"]
[BlackTeam "Braille Chess Assoc"]

1. d4 e6 2. c4 d5 3. Nc3 Nf6 4. cxd5 exd5 5. Bg5 Be7 6. e3 Nbd7 7. Bd3 c6 8.
Qc2 Nf8 9. Nf3 Ne6 10. Bxf6 Bxf6 11. O-O-O g6 12. g4 Ng7 13. Rdg1 Qd6 14. Kb1
Be6 15. h4 O-O-O 16. g5 Be7 17. Ne5 Kb8 18. Ka1 Rdf8 19. Na4 Bc8 20. Be2 f6 21.
gxf6 Bxf6 22. Nd3 Ne6 23. Rc1 Qe7 24. h5 Bxd4 25. Qb3 Ka8 26. hxg6 hxg6 27.
Rhg1 g5 28. Bg4 Bf6 1/2-1/2